000 00334nam a2200133 a 4500
005 20140412111328.0
008 110128s19uu xx 00 eng d
020 _a1-85854-372-x
050 _aTR(GS 513
_bBr76 1996
245 _aBrimax interactive 1 2 3.
260 _aChina :
_bBrimax books.
650 _aCounting
999 _c104782
_d104782